000
00314nam a2200121Ia 4500
005
20260326100026.0
008
260326s9999||||xx |||||||||||||| ||und||
100
_a
Kronfuss, Juan
245
0
_a
Arquitectura Colonial en la Argentina /
_c
Juan Kronfuss
260
_b
Era
650
_a
ARQUITECTURA COLONIAL
942
_c
BK
999
_c
6393
_d
6393